| Tag |
First Indicator |
Second Indicator |
Subfields |
| LEADER |
00000cas a2200000 a 4500 |
| 001 |
in00002785615 |
| 005 |
20151202172123.0 |
| 006 |
m o d |
| 007 |
cr ||||||||||| |
| 008 |
070501c20019999paufr poo 0 a0eng c |
| 010 |
|
|
|a 2007252413
|
| 022 |
0 |
|
|a 2169-687X
|y 1544-6360
|2 1
|
| 029 |
1 |
|
|a AU@
|b 000041596962
|
| 029 |
1 |
|
|a NZ1
|b 13642109
|
| 035 |
|
|
|a (OCoLC)ocn123906257
|
| 035 |
|
|
|a (OCoLC)123906257
|
| 040 |
|
|
|a WAU
|c WAU
|d EYM
|d CUS
|d MYG
|d DLC
|d OCLCQ
|d TXA
|d UtOrBLW
|
| 042 |
|
|
|a pcc
|a nsdp
|
| 043 |
|
|
|a n-us-pa
|
| 049 |
|
|
|a TXAM
|
| 050 |
|
4 |
|a F146
|b .P72 Electronic
|
| 082 |
1 |
0 |
|a 973
|2 14
|
| 130 |
0 |
|
|a Pennsylvania legacies (Online)
|
| 210 |
0 |
|
|a Pa. leg.
|b (Online)
|
| 222 |
|
0 |
|a Pennsylvania legacies
|b (Online)
|
| 245 |
1 |
0 |
|a Pennsylvania legacies.
|
| 246 |
3 |
0 |
|a Legacies
|
| 246 |
1 |
3 |
|a Historical Society of Pennsylvania legacies
|
| 246 |
1 |
|
|a PA legacies
|
| 264 |
|
1 |
|a Philadelphia, Pa. :
|b Historical Society of Pennsylvania,
|c 2001-
|
| 310 |
|
|
|a Semiannual
|
| 336 |
|
|
|a text
|b txt
|2 rdacontent
|
| 337 |
|
|
|a computer
|b c
|2 rdamedia
|
| 338 |
|
|
|a online resource
|b cr
|2 rdacarrier
|
| 362 |
0 |
|
|a Vol. 1, no. 1 (winter 2001)-
|
| 538 |
|
|
|a Mode of access: World Wide Web.
|
| 588 |
|
|
|a Description based on: Vol. 1, no. 1 (winter 2001); title from volume contents page (JSTOR, viewed Jan. 18, 2011).
|
| 588 |
|
|
|a Latest issue consulted: Vol. 12, no. 1 (May 2012); title from caption (HSP.org, viewed Sep. 10, 2012).
|
| 500 |
|
|
|a Electronic resource.
|
| 651 |
|
0 |
|a Pennsylvania
|x History
|v Periodicals.
|
| 710 |
2 |
|
|a Historical Society of Pennsylvania.
|
| 776 |
0 |
8 |
|i Also issued in print:
|t Pennsylvania legacies
|x 1544-6360
|w (DLC) 2002256023
|w (OCoLC)48815563
|
| 948 |
|
|
|a cataloged
|b h
|c 2012/12/17
|d c
|e spoltoratski
|f 1:25:40 pm
|g sc
|
| 994 |
|
|
|a C0
|b TXA
|
| 999 |
|
|
|a MARS
|
| 999 |
f |
f |
|s 61d715e7-8b2e-399f-8ba8-d6777c6eebf4
|i 9d4e418f-bbfd-3ff6-befb-ffb64efc3cd6
|t 0
|
| 952 |
f |
f |
|a Texas A&M University
|b College Station
|c Electronic Resources
|d Available Online
|t 0
|e F146 .P72
|g Electronic
|h Library of Congress classification
|
| 998 |
f |
f |
|a F146 .P72
|t 0
|l Available Online
|